Humanismo franciscano: franciscanismo y mundo actual

Uloženo v:
Podrobná bibliografie
Hlavní autor: Merino, José Antonio (autor)
Médium: Kniha
Jazyk:španělština
Vydáno: Madrid Cristiandad 1982
Vydání:1a. ed
Témata:
Tagy: Přidat tag
Žádné tagy, Buďte první, kdo vytvoří štítek k tomuto záznamu!

MARC

LEADER 00000cam a2200000 a 4500
001 UCZ2585
003 CL-VaPUC
008 951005e19820000SP |||||||||||||||||spa|d
020 |a 8470573071 
082 0 4 |a 144  |b MER  |2 21 
100 |a Merino, José Antonio  |e autor  |9 598266 
245 1 0 |a Humanismo franciscano: franciscanismo y mundo actual 
250 |a 1a. ed 
300 |a 318 p 
942 |c BK 
945 |d 19951005 00:00:00  |a cmena 
260 |a Madrid  |b Cristiandad  |c 1982 
600 0 7 |a SAN FRANCISCO DE ASIS  |2 CL-VaPUC  |9 342281 
650 0 |a Humanismo  |9 256530 
650 0 |a Cristianismo  |9 257361 
650 0 |a Libre albedrío  |9 334583 
650 0 |a Antropología   |9 233030 
650 0 |a Hermenéutica  |9 269473 
583 |a last modification  |c 20150714 10:17:10  |k Rodrigo Vera 
999 |c 239156  |d 239154 
952 |0 0  |1 0  |4 0  |6 144_000000000000000_MER_1982  |7 0  |8 A  |9 250019  |a BIBEDU  |b BIBEDU  |d 2019-11-18  |i 1568469  |o 144 MER 1982  |p 1568469  |r 2019-11-18  |w 2019-11-18  |y BK  |k FIL 
952 |0 0  |1 0  |3 erb  |4 0  |6 144_000000000000000_MER_1982  |7 0  |8 A  |9 250020  |a BIBTEO  |b BIBTEO  |e Villagrán Garnham, Jorge  |i 518567K  |o 144 MER 1982  |p 518567K  |r 2025-01-17  |w 2019-11-18  |y BK  |z Catalogado en:20150728  |k ICR